| 000 | 00356nam a2200145 a 4500 | ||
|---|---|---|---|
| 001 | 1574 | ||
| 003 | CDMR | ||
| 005 | 20130226184809.0 | ||
| 008 | 130130s1988||||||||||||||||||||||||||||d | ||
| 040 |
_aCDMR _bcat _cCDMR |
||
| 100 | 1 |
_aHeckel, Vilém _91179 |
|
| 245 | 1 | 0 |
_aHorolezeecká zastavení _cVilém Heckel |
| 260 |
_aPraga _c1988 _bOlympia |
||
| 942 |
_cMON _2ddc |
||
| 999 |
_c1574 _d1574 |
||